[Event "La Palma Island op"]
[Site "Santa Cruz de La Palma"]
[Date "2019.08.09"]
[Round "1"]
[White "Tajedine, Sidi Mohamed"]
[Black "Kolosowski, Mateusz"]
[Result "0-1"]
[WhiteElo "1851"]
[BlackElo "2458"]
[PlyCount "86"]
[EventDate "2019.08.09"]
[EventType "swiss"]
[EventRounds "10"]
[EventCountry "ESP"]
[SourceTitle "CBM 191 Extra"]
[Source "ChessBase"]
[SourceDate "2019.09.30"]
[SourceVersion "1"]
[SourceVersionDate "2019.09.30"]
[SourceQuality "1"]

1. Nf3 Nf6 2. g3 g6 3. Bg2 Bg7 4. c4 d5 5. cxd5 Nxd5 6. 0-0 0-0 7. Nc3 Nb6 8. d3 Nc6 9. Be3 e5 10. Qd2 Re8 11. Bh6 Bh8 12. Rfd1 Bf5 13. Rac1 Qe7 14. a3 Rad8 15. Qe1 Bc8 16. Ne4 f5 17. Bg5 Qf8 18. Nc5 Rd6 19. Bd2 Bf6 20. Bc3 Nd5 21. Nd2 Nxc3 22. bxc3 Rdd8 23. Ncb3 Qxa3 24. Bxc6 bxc6 25. Ra1 Qe7 26. Rxa7 e4 27. d4 e3 28. Nf3 Be6 29. Nc5 Bd5 30. Nd3 exf2+ 31. Qxf2 Qxe2 32. Qxe2 Rxe2 33. Nfe5 Rg2+ 34. Kf1 Rxh2 35. Rxc7 Ra8 36. Nb4 Bxe5 37. dxe5 Rh1+ 38. Ke2 Bc4+ 39. Rd3 Ra5 40. Nxc6 Ra2+ 41. Ke3 Re1+ 42. Kf4 Bxd3 43. Kg5 Ra8 0-1

[Event "MTN-ch"]
[Site "Nouakchott"]
[Date "2017.12.29"]
[Round "7"]
[White "Dieh, Mohamed"]
[Black "Tajedine, Sidi Mohamed"]
[Result "0-1"]
[WhiteElo "1820"]
[BlackElo "1805"]
[PlyCount "118"]
[EventDate "2017.12.23"]
[EventType "tourn"]
[EventRounds "9"]
[EventCountry "MAU"]
[SourceTitle "CBM 182 Extra"]
[Source "ChessBase"]
[SourceDate "2018.02.23"]
[SourceVersion "1"]
[SourceVersionDate "2018.02.23"]
[SourceQuality "1"]

1. g3 Nc6 2. Nf3 e6 3. Bg2 Nf6 4. c3 d5 5. d4 Be7 6. 0-0 Ne4 7. Nbd2 f5 8. Nxe4 fxe4 9. Nd2 0-0 10. e3 e5 11. f3 Bg5 12. Nb3 exf3 13. Rxf3 e4 14. Rxf8+ Qxf8 15. Qf1 Qd6 16. Bd2 Ne7 17. Bh3 Qh6 18. Bxc8 Bxe3+ 19. Bxe3 Qxe3+ 20. Kh1 Rxc8 21. Qh3 Qf3+ 22. Kg1 Rf8 23. Rf1 Qxf1+ 24. Qxf1 Rxf1+ 25. Kxf1 b6 26. Ke2 Kf7 27. Nd2 Ke6 28. Nf1 Nf5 29. g4 Nd6 30. Ne3 g6 31. Ng2 c6 32. Kf2 Nc4 33. b3 Nd2 34. Ke2 Nb1 35. c4 Na3 36. Nf4+ Kd6 37. cxd5 cxd5 38. Kd2 a5 39. Nh3 Nb5 40. Ke3 h6 41. Nf4 g5 42. Nh5 Ke7 43. Ng3 Nd6 44. Ne2 b5 45. Nc3 Ke6 46. Ne2 b4 47. Ng3 Nb5 48. Nf5 Nc3 49. Nxh6 Nxa2 50. Nf5 Nc1 51. Ng7+ Kf7 52. Nf5 Nxb3 53. Nd6+ Ke6 54. Nb7 Kd7 55. h3 Kc6 56. Nd8+ Kb5 57. Ne6 a4 58. Nxg5 a3 59. Ne6 a2 0-1

[Event "MTN-ch"]
[Site "Nouakchott"]
[Date "2017.12.28"]
[Round "6"]
[White "Tajedine, Sidi Mohamed"]
[Black "Hemam, Moulaye Brahim"]
[Result "1/2-1/2"]
[WhiteElo "1805"]
[BlackElo "2055"]
[PlyCount "24"]
[EventDate "2017.12.23"]
[EventType "tourn"]
[EventRounds "9"]
[EventCountry "MAU"]
[SourceTitle "CBM 182 Extra"]
[Source "ChessBase"]
[SourceDate "2018.02.23"]
[SourceVersion "1"]
[SourceVersionDate "2018.02.23"]
[SourceQuality "1"]

1. e4 c5 2. Nc3 Nc6 3. g3 e6 4. Bg2 Nf6 5. d3 Be7 6. Nge2 Rb8 7. 0-0 b5 8. Qd2 b4 9. Nd1 Bb7 10. b3 d5 11. exd5 Nxd5 12. Ne3 Bf6 1/2-1/2

[Event "MTN-ch"]
[Site "Nouakchott"]
[Date "2017.12.23"]
[Round "1"]
[White "Tajedine, Sidi Mohamed"]
[Black "Ahmed El Bechir, Mohamedou"]
[Result "1-0"]
[WhiteElo "1805"]
[BlackElo "1824"]
[PlyCount "63"]
[EventDate "2017.12.23"]
[EventType "tourn"]
[EventRounds "9"]
[EventCountry "MAU"]
[SourceTitle "CBM 182 Extra"]
[Source "ChessBase"]
[SourceDate "2018.02.23"]
[SourceVersion "1"]
[SourceVersionDate "2018.02.23"]
[SourceQuality "1"]

1. Nf3 d6 2. g3 c6 3. Bg2 Nf6 4. c4 g6 5. Nc3 Bg7 6. d4 Bg4 7. h3 Bxf3 8. Bxf3 Nbd7 9. e4 e5 10. d5 a5 11. Be3 Qc7 12. Qd2 0-0 13. 0-0 Ne8 14. Bh6 f5 15. Bxg7 Nxg7 16. Rad1 c5 17. Nb5 Qb6 18. Qe2 Nf6 19. Kh2 fxe4 20. Bxe4 Nxe4 21. Qxe4 Rf6 22. Rd2 Raf8 23. Nc3 Nf5 24. f4 Nd4 25. Rdf2 Qb4 26. Qd3 exf4 27. gxf4 Qb6 28. Ne4 Rf5 29. Ng3 R5f7 30. b3 Qd8 31. Ne4 Nf5 32. Ng5 1-0

[Event "MTN-ch"]
[Site "Nouakchott"]
[Date "2016.12.25"]
[Round "3"]
[White "Tajedine, Sidi Mohamed"]
[Black "Hassan, Abderrahmane"]
[Result "1-0"]
[WhiteElo "1812"]
[BlackElo "1735"]
[PlyCount "61"]
[EventDate "2016.12.23"]
[EventType "tourn"]
[EventRounds "9"]
[EventCountry "MAU"]
[SourceTitle "CBM 176 Extra"]
[Source "ChessBase"]
[SourceDate "2017.03.02"]
[SourceVersion "1"]
[SourceVersionDate "2017.03.02"]
[SourceQuality "1"]

1. Nf3 d5 2. d4 e6 3. g3 c6 4. Bg2 Nf6 5. 0-0 Be7 6. c4 0-0 7. b3 Ne4 8. Bb2 f5 9. Nfd2 Qe8 10. Nc3 Bf6 11. e3 Na6 12. a3 Nc7 13. c5 e5 14. Ne2 exd4 15. Bxd4 Nb5 16. Bxf6 Rxf6 17. Qc2 Rh6 18. a4 Qh5 19. Nf3 Ng5 20. Nh4 Nc7 21. Nf4 Qf7 22. Rad1 Bd7 23. Rd2 Ne4 24. Rdd1 g5 25. f3 Nxg3 26. hxg3 gxh4 27. gxh4 Re8 28. e4 Rxh4 29. Qd2 Ne6 30. Nxe6 Bxe6 31. Qg5+ 1-0

[Event "Olympiad-42"]
[Site "Baku"]
[Date "2016.09.02"]
[Round "1.1"]
[White "Gascon del Nogal, Jose Rafael"]
[Black "Tajedine, Sidi Mohamed"]
[Result "1-0"]
[WhiteElo "2436"]
[BlackElo "1796"]
[PlyCount "37"]
[EventDate "2016.09.02"]
[EventType "team-swiss"]
[EventRounds "11"]
[EventCountry "AZE"]
[SourceTitle "CBM 175"]
[Source "ChessBase"]
[SourceDate "2016.11.10"]
[SourceVersion "1"]
[SourceVersionDate "2016.11.10"]
[SourceQuality "1"]
[WhiteTeam "Venezuela"]
[BlackTeam "Mauritania"]
[WhiteTeamCountry "VEN"]
[BlackTeamCountry "MAU"]

1. e4 c5 2. Nf3 d6 3. d4 cxd4 4. Nxd4 Nf6 5. Nc3 a6 6. Bg5 e6 7. f4 Be7 8. Qf3 Qc7 9. 0-0-0 Nbd7 10. Bd3 b5 11. Rhe1 b4 12. Nd5 exd5 13. exd5 Ne5 14. fxe5 dxe5 15. d6 Bxd6 16. Bxf6 Bb7 17. Be4 Bxe4 18. Qxe4 0-0 19. Nf5 1-0

[Event "Agadir zt 4.1"]
[Site "Agadir"]
[Date "2016.05.29"]
[Round "8"]
[White "Tajedine, Sidi Mohamed"]
[Black "Saber, Yasser"]
[Result "1/2-1/2"]
[WhiteElo "1806"]
[BlackElo "2189"]
[PlyCount "104"]
[EventDate "2016.05.24"]
[EventType "swiss"]
[EventRounds "9"]
[EventCountry "MAR"]
[SourceTitle "CBM 172 Extra"]
[Source "ChessBase"]
[SourceDate "2016.06.21"]
[SourceVersion "1"]
[SourceVersionDate "2016.06.21"]
[SourceQuality "1"]

1. e4 c6 2. d4 g6 3. Bd3 Bg7 4. Ne2 d6 5. a4 e5 6. c3 Nf6 7. 0-0 0-0 8. h3 Nbd7 9. f4 Re8 10. f5 exd4 11. fxg6 hxg6 12. Bg5 Qb6 13. a5 Qxb2 14. Ra4 dxc3 15. Nbxc3 Nc5 16. Ra2 Qb4 17. Bxf6 Bxf6 18. Rxf6 Be6 19. Ra1 Kg7 20. Rf3 Nb3 21. Rb1 Qc5+ 22. Kh1 Nxa5 23. Qd2 Qe5 24. Ng3 Rh8 25. Nce2 Nb3 26. Qe3 a5 27. Nf4 Nc5 28. Nxe6+ fxe6 29. Ne2 Rhf8 30. Rg3 Nd7 31. Nd4 Rab8 32. Rg5 Qf6 33. Rf1 Qe7 34. Rxg6+ Kxg6 35. e5+ Kg7 36. Qg3+ Kh8 37. Rf4 Rxf4 38. Qxf4 Nxe5 39. Qh6+ Kg8 40. Nxe6 Re8 41. Bf5 a4 42. Qh5 Rf8 43. Nxf8 Kxf8 44. Qh8+ Kf7 45. Qh5+ Kg7 46. Qh7+ Kf6 47. Qh4+ Kf7 48. Qh5+ Kg7 49. Qh7+ Kf8 50. Qh8+ Kf7 51. Qh5+ Kf6 52. Qh4+ Kf7 1/2-1/2

[Event "MTN-ch"]
[Site "Nouakchott"]
[Date "2015.12.21"]
[Round "3"]
[White "Hemam, Moulaye Brahim"]
[Black "Tajedine, Sidi Mohamed"]
[Result "1-0"]
[WhiteElo "2057"]
[BlackElo "1809"]
[PlyCount "55"]
[EventDate "2015.12.19"]
[EventType "swiss"]
[EventRounds "9"]
[EventCountry "MAU"]
[SourceTitle "EXT 2018"]
[Source "ChessBase"]
[SourceDate "2017.10.13"]
[SourceVersion "1"]
[SourceVersionDate "2017.10.13"]
[SourceQuality "1"]

1. d4 Nf6 2. Nf3 c5 3. d5 d6 4. c4 e5 5. Nc3 Be7 6. g3 a6 7. Bg2 0-0 8. 0-0 Ne8 9. e4 Bg4 10. h3 Bxf3 11. Qxf3 Bg5 12. h4 Bxc1 13. Raxc1 Nd7 14. Bh3 Nc7 15. a4 Rb8 16. Nd1 b5 17. axb5 axb5 18. b3 bxc4 19. bxc4 Rb4 20. Ne3 g6 21. Rc3 Nf6 22. Ra1 Kg7 23. Ra7 Qb8 24. Rca3 Rb3 25. Nf5+ gxf5 26. Qxb3 Qd8 27. Bxf5 Nh5 28. Qb6 1-0

[Event "MAU-ch"]
[Site "Nouadhibou"]
[Date "2014.01.02"]
[Round "9"]
[White "Tajedine, Sidi Mohamed"]
[Black "Taleb Mohamed, Ahmed"]
[Result "0-1"]
[WhiteElo "1788"]
[BlackElo "1996"]
[PlyCount "92"]
[EventDate "2013.12.28"]
[EventType "swiss"]
[EventRounds "11"]
[EventCountry "MAU"]
[SourceTitle "CBM 158 Extra"]
[Source "ChessBase"]
[SourceDate "2014.02.28"]
[SourceVersion "1"]
[SourceVersionDate "2014.02.28"]
[SourceQuality "1"]

1. Nf3 d5 2. d4 Bf5 3. g3 Nf6 4. Bg2 e6 5. 0-0 c5 6. c4 Nc6 7. cxd5 exd5 8. a3 c4 9. Nc3 Be7 10. Ne5 0-0 11. Nxc6 bxc6 12. Re1 Qd7 13. e4 Be6 14. e5 Ne8 15. Ne2 Bg4 16. f3 Bf5 17. Bd2 Rb8 18. Bc3 Nc7 19. a4 Rb3 20. Nc1 Rb7 21. Ne2 Rfb8 22. Qd2 h6 23. g4 Bh7 24. h3 c5 25. f4 cxd4 26. Nxd4 Bd3 27. Kh1 Bb4 28. Qe3 Bxc3 29. bxc3 Rb2 30. Red1 Ne6 31. Nxe6 fxe6 32. Rd2 Rb1+ 33. Rxb1 Rxb1+ 34. Kh2 Ra1 35. Rb2 Rxa4 36. f5 exf5 37. e6 Qc7+ 38. Kg1 Ra1+ 39. Kf2 fxg4 40. hxg4 Qh2 41. Re2 Qg1+ 42. Kg3 Bxe2 43. Qxe2 Qe1+ 44. Qxe1 Rxe1 45. Bxd5 Kf8 46. Bxc4 a5 0-1

[Event "MAU-ch"]
[Site "Nouadhibou"]
[Date "2014.01.01"]
[Round "8"]
[White "Kar, El Moustapha"]
[Black "Tajedine, Sidi Mohamed"]
[Result "0-1"]
[WhiteElo "1896"]
[BlackElo "1788"]
[PlyCount "76"]
[EventDate "2013.12.28"]
[EventType "swiss"]
[EventRounds "11"]
[EventCountry "MAU"]
[SourceTitle "CBM 158 Extra"]
[Source "ChessBase"]
[SourceDate "2014.02.28"]
[SourceVersion "1"]
[SourceVersionDate "2014.02.28"]
[SourceQuality "1"]

1. d4 Nf6 2. c4 e6 3. Nf3 b6 4. Nc3 d5 5. Bg5 Be7 6. e3 0-0 7. Ne5 Bb7 8. cxd5 Nxd5 9. Bxe7 Qxe7 10. Qc2 c5 11. Bd3 h6 12. Nxd5 exd5 13. 0-0 Na6 14. a3 Rac8 15. Qd2 Qd6 16. Bf5 Rc7 17. Rac1 Bc8 18. Bd3 Nb8 19. Rc3 Nc6 20. Nxc6 Qxc6 21. Rfc1 c4 22. e4 b5 23. e5 Qb6 24. Bb1 b4 25. axb4 Qxb4 26. Qc2 g6 27. Qd2 Kg7 28. Qe2 Qe7 29. b3 Ba6 30. Qf3 Qe6 31. h4 h5 32. Ba2 Rfc8 33. bxc4 Bxc4 34. Bb1 a5 35. Qd1 Be2 36. Rxc7 Bxd1 37. Rxc8 Qg4 38. Ba2 Bf3 0-1

[Event "MAU-ch"]
[Site "Nouadhibou"]
[Date "2013.12.31"]
[Round "5"]
[White "Tajedine, Sidi Mohamed"]
[Black "Cheikh, Ahmed Ishak"]
[Result "0-1"]
[WhiteElo "1788"]
[BlackElo "1678"]
[PlyCount "72"]
[EventDate "2013.12.28"]
[EventType "swiss"]
[EventRounds "11"]
[EventCountry "MAU"]
[SourceTitle "CBM 158 Extra"]
[Source "ChessBase"]
[SourceDate "2014.02.28"]
[SourceVersion "1"]
[SourceVersionDate "2014.02.28"]
[SourceQuality "1"]

1. Nf3 d5 2. d4 e6 3. g3 Nc6 4. Bg2 Nf6 5. c4 dxc4 6. Qa4 Bb4+ 7. Bd2 Bxd2+ 8. Nbxd2 0-0 9. Qxc4 a6 10. 0-0 Nd5 11. a3 Re8 12. e4 Nf6 13. Rac1 Bd7 14. Rfd1 Rc8 15. Ne5 Nxe5 16. dxe5 Bb5 17. Qb3 Ng4 18. Nf3 Qe7 19. h3 Nh6 20. Nd4 Red8 21. Nxb5 axb5 22. Qxb5 c6 23. Qa5 g6 24. Kh2 Kg7 25. f4 Rd7 26. Rf1 Rcd8 27. Rc2 Rd3 28. Qe1 Qc7 29. Rff2 Qb6 30. g4 Rd1 31. Qe2 R8d3 32. g5 Ng8 33. Rf1 Qd4 34. Rc4 Qxc4 35. Rxd1 Rxh3+ 36. Kxh3 Qxe2 0-1

[Event "Nouakchott zt 4.1"]
[Site "Nouakchott"]
[Date "2013.04.03"]
[Round "8"]
[White "Tajedine, Sidi Mohamed"]
[Black "Ahmed El Bechir, Mohamedou"]
[Result "1-0"]
[WhiteElo "1791"]
[BlackElo "1763"]
[PlyCount "107"]
[EventDate "2013.03.29"]
[EventType "swiss"]
[EventRounds "9"]
[EventCountry "MAU"]
[SourceTitle "EXT 2015"]
[Source "ChessBase"]
[SourceDate "2014.11.20"]
[SourceVersion "1"]
[SourceVersionDate "2014.11.20"]
[SourceQuality "1"]

1. d4 Nf6 2. c4 e5 3. dxe5 Ng4 4. Nf3 Nc6 5. e3 Ncxe5 6. Nxe5 Nxe5 7. Be2 a5 8. 0-0 Ra6 9. f4 Ng6 10. g3 Bc5 11. Kg2 h5 12. Bxh5 Nh4+ 13. Kh1 Rah6 14. Bxf7+ Kf8 15. Qd5 Nf5 16. Qxf5 d6 17. Be6+ Rf6 18. Bxc8 Rxf5 19. Bxf5 Qf6 20. Be4 c6 21. Nc3 Qe6 22. Bg2 Qh6 23. h3 Qe6 24. Kh2 Qxc4 25. Bd2 d5 26. f5 Bd6 27. Rf3 b5 28. Raf1 b4 29. b3 Qd3 30. Nb1 Qa6 31. e4 d4 32. Bf4 Bxf4 33. Rxf4 a4 34. e5 c5 35. Nd2 Qe2 36. Nc4 Qxa2 37. f6 g5 38. Rf5 axb3 39. R1f2 Qa6 40. Bd5 g4 41. h4 b2 42. Nxb2 Qa3 43. h5 Qe3 44. e6 Rxh5+ 45. Kg2 Rxf5 46. Rxf5 Qd2+ 47. Rf2 Qh6 48. e7+ Ke8 49. Bc6+ Kf7 50. e8B+ Ke6 51. Bcd7+ Kd6 52. Nc4+ Kd5 53. Bf7+ Ke4 54. Bf5# 1-0

[Event "Nouakchott zt 4.1"]
[Site "Nouakchott"]
[Date "2013.03.31"]
[Round "5"]
[White "Mohamed, M Mohamed"]
[Black "Tajedine, Sidi Mohamed"]
[Result "1/2-1/2"]
[WhiteElo "1986"]
[BlackElo "1791"]
[PlyCount "61"]
[EventDate "2013.03.29"]
[EventType "swiss"]
[EventRounds "9"]
[EventCountry "MAU"]
[SourceTitle "EXT 2015"]
[Source "ChessBase"]
[SourceDate "2014.11.20"]
[SourceVersion "1"]
[SourceVersionDate "2014.11.20"]
[SourceQuality "1"]

1. d4 Nf6 2. Nf3 g6 3. c4 Bg7 4. Nc3 d6 5. e4 0-0 6. Be2 e5 7. dxe5 dxe5 8. Qxd8 Rxd8 9. Bg5 Re8 10. 0-0-0 c6 11. h3 Na6 12. Rd6 Be6 13. Be3 h6 14. Rhd1 c5 15. Nb5 Nxe4 16. Rxa6 bxa6 17. Nc7 f5 18. Nxa8 Rxa8 19. Bd3 Nd6 20. Nd2 Nb7 21. Nb3 Rc8 22. f3 a5 23. Nd2 a4 24. Bc2 Na5 25. Bxa4 Kf7 26. b3 Bf8 27. Nb1 Nc6 28. Bxc6 Rxc6 29. Nc3 a6 30. Kc2 g5 31. Bf2 1/2-1/2

[Event "Nouakchott op 3rd"]
[Site "Nouakchott"]
[Date "2012.09.28"]
[Round "3"]
[White "Tajedine, Sidi Mohamed"]
[Black "Bani, Chadad"]
[Result "1-0"]
[WhiteElo "1781"]
[BlackElo "1544"]
[PlyCount "49"]
[EventDate "2012.09.27"]
[EventType "swiss"]
[EventRounds "7"]
[EventCountry "MAU"]
[SourceTitle "EXT 2014"]
[Source "ChessBase"]
[SourceDate "2013.11.20"]
[SourceVersion "1"]
[SourceVersionDate "2013.11.20"]
[SourceQuality "1"]

1. d4 e6 2. c4 Nf6 3. g3 c6 4. Bg2 d5 5. cxd5 cxd5 6. Nf3 h6 7. 0-0 Nc6 8. Nc3 Be7 9. Ne5 a6 10. f4 Qc7 11. e3 g5 12. e4 gxf4 13. Bxf4 Nxd4 14. Kh1 Bc5 15. Nd3 Qe7 16. Nxc5 e5 17. N3a4 Bg4 18. Qd2 b5 19. Nb6 Rd8 20. Nxd5 Nxd5 21. exd5 Qd6 22. Be3 Qxc5 23. Rac1 Qa7 24. Rce1 Kf8 25. Bxh6+ 1-0

[Event "Nouakchott op 1st"]
[Site "Nouakchott"]
[Date "2012.06.08"]
[Round "3"]
[White "Tajedine, Sidi Mohamed"]
[Black "Bani, Chadad"]
[Result "1/2-1/2"]
[WhiteElo "1787"]
[BlackElo "1539"]
[PlyCount "84"]
[EventDate "2012.06.06"]
[EventType "swiss"]
[EventRounds "7"]
[EventCountry "MAU"]
[SourceTitle "EXT 2022"]
[Source "ChessBase"]
[SourceDate "2021.10.06"]
[SourceVersion "1"]
[SourceVersionDate "2021.10.06"]
[SourceQuality "1"]

1. e4 Nc6 2. d4 e6 3. Nf3 Be7 4. Bd3 Nf6 5. c3 d5 6. e5 Ne4 7. Be3 f5 8. exf6 Bxf6 9. Qc2 Nd6 10. Bxh7 Ne7 11. Bg6+ Nxg6 12. Qxg6+ Nf7 13. Nbd2 Qe7 14. Ne5 Bd7 15. 0-0-0 Rf8 16. Qh5 Rh8 17. Qxf7+ Qxf7 18. Nxf7 Kxf7 19. Bf4 Raf8 20. Nf3 Bb5 21. Kd2 a5 22. Bg5 a4 23. Bxf6 gxf6 24. b3 Rfg8 25. g3 Bd7 26. Rde1 Rh5 27. h4 Ke7 28. b4 a3 29. Kc2 Bb5 30. Nd2 Rf5 31. Rh2 Ba4+ 32. Kd3 Bb5+ 33. c4 dxc4+ 34. Kc3 Ba6 35. Nxc4 Bxc4 36. Kxc4 Rf3 37. Rg2 b5+ 38. Kxb5 Rc3 39. Re3 Rb8+ 40. Ka4 Ra8+ 41. Kb5 Rb8+ 42. Ka4 Ra8+ 1/2-1/2

[Event "MTN-ch"]
[Site "Nouakchott"]
[Date "2012.04.17"]
[Round "9"]
[White "Tajedine, Sidi Mohamed"]
[Black "Heiba, Mohamed"]
[Result "1/2-1/2"]
[WhiteElo "1807"]
[BlackElo "1879"]
[PlyCount "61"]
[EventDate "2012.04.12"]
[EventType "tourn"]
[EventRounds "11"]
[EventCountry "MAU"]
[SourceTitle "EXT 2023"]
[Source "ChessBase"]
[SourceDate "2022.10.05"]
[SourceVersion "1"]
[SourceVersionDate "2022.10.05"]
[SourceQuality "1"]

1. e4 c6 2. d4 d5 3. Nd2 dxe4 4. Nxe4 Bf5 5. Ng3 Bg6 6. Bc4 e6 7. N1e2 Nf6 8. Bf4 Nd5 9. c3 Nd7 10. Bd3 Qb6 11. Bxg6 hxg6 12. Qb3 Nxf4 13. Nxf4 Bd6 14. Qxb6 Nxb6 15. Nfe2 Nc4 16. 0-0-0 Rh4 17. Nf1 c5 18. Nd2 Nxd2 19. Kxd2 cxd4 20. Nxd4 0-0-0 21. Nf3 Ra4 22. Kc2 Rxa2 23. Ng5 Rd7 24. f3 Kc7 25. Ne4 Ra6 26. h4 Re7 27. h5 gxh5 28. Rxh5 f5 29. Nf2 Be5 30. g4 Bg3 31. Nh1 1/2-1/2